00597nam a22001937a 450000500170000001000130001702000260003003500130005603700080006908200100007710000190008724500470010625000160015326000440016927000740021330000200028750000190030750000770032620150401160225.0 aB-593934 c310.00a9789380674575 aB-593934 bUBH a658.8 aChhabra, T. N. aPrinciples of marketing/cby T. N. Chhabra a3rd rev. ed aNew DelhibSun India Publicationsc2014 a4382/4B, Ist floor, Murari Lal Street, Ansari RoadbNew Delhie110002 avp. c24cm(pbk) aIncludes index aFor November 2014 exam. of B.Com(Hons.), Sem-III of University of Delhi)